Statistics for Determination to be a Swiftie

Click here to take the quiz!

General Stats

  • This quiz has been taken 22 times
  • The average score is 14 of 15

Answer Stats

QuestionAnswer% Correct
What is her middle name?!!!!!Alison
100%
What is Taylor's favourite animal?Cat
100%
Who has Taylor NOT date?Cole Sprouse
100%
What Year and date was Taylor Born on?December 13 1989
100%
What song features Ed Sheeran and Future?Endgame
100%
What animal represents Reputation?Snake
100%
What is her album that has the song, Dear John?Speak Now
100%
What is Taylor's upcoming album?The Tortured Poets Department
100%
She is dating a wonderful man right now in 2024, but who is he?Travis Kelce
100%
Anti-hero, Karma, and Bejeweled are on what album?Midnights
94%
What is the name of Taylor's family called?Scott, Andrea, and Austin
94%
What state in America is Taylor Born in?Pennsylvania
89%
Which album came first?Red
89%
Finally, what album is Dorothea on?Evermore
78%
What is her last song on Lover?Daylight
67%

Score Distribution

Percentile by Number Answered

Percent of People with Each Score

Your Score History

You have not taken this quiz